| 000 -Etiqueta do registo | |
|---|---|
| campo de controlo de comprimento fixo | 008470000a22002530004500 |
| 001 - Identificador do registo | |
| Campo de controlo | 52529 |
| 010 ## - ISBN | |
| Número (ISBN) | 978-989-97628-3-1 |
| 021 ## - Nº depósito legal | |
| Código do país | Portugal |
| Número | 342858/12 |
| 100 ## - Dados Gerais de Proc. | |
| Dados gerais de processamento | 20180103d2018 k y0pory5003 ba |
| 101 0# - Língua da publicação | |
| Língua do texto, banda sonora, etc. | Português |
| 102 ## - País de Publicação | |
| País de publicação | Portugal |
| 200 1# - Título | |
| Título próprio | Perdida de riso |
| Primeira menção de responsabilidade | Graça Breia |
| Outras menções de responsabilidade | il. Raquel Pinheiro |
| 210 ## - Publicação, Distribuição | |
| Lugar da edição, distribuição, etc. | Cascais |
| Nome do editor, distribuidor, etc. | Cercica |
| Data da publicação, distribuição, etc. | 2012 |
| 215 ## - Descrição física | |
| Descrição física | 39, [2] p. |
| Outras indicações físicas | todo il. |
| 225 2# - Colecção | |
| Título próprio da colecção | 4 leituras |
| 606 ## - Nome comum | |
| Koha Internal code | 2108 |
| Elemento de entrada | Literatura infantojuvenil |
| Subdivisão de assunto | conto |
| 675 ## - CDU | |
| Notação | 821.134.3-34 |
| Edição | BN |
| Língua da edição | Português |
| 700 #1 - Responsabilidade principal | |
| Koha Internal Code | 11060 |
| Palavra de ordem | Breia |
| Outra parte do nome | Graça |
| 702 #1 - Responsabilidade secundária | |
| Koha Internal Code | 36695 |
| Código de função | Ilustrador |
| Palavra de ordem | Pinheiro |
| Outra parte do nome | Raquel |
| Datas | 1976- |
| 801 ## - Fonte de origem | |
| País | Portugal |
| Data da última transacção | 20180103 |
| 859 ## - Imagem da capa | |
| Uniform Resource Location (URL) | https://img.wook.pt/images/perdida-de-riso-graca-breia/MXwxMzY0MTM1Nnw5MjE0OTc3fDEzODM1MjMyMDAwMDA=/260x |
| Nota informativa | Capa |
| 090 ## - Números de controlo do sistema (Koha) | |
| Número biblioitem do Koha (gerado automaticamente) | 52529 |
| 942 ## - Elementos de entrada adicionados (Koha) | |
| Tipo de item no Koha | Monografias |
| Suprimido | Disponível no OPAC |
| 999 ## - Campo local | |
| Campo local | 52529 |
| Perdido (estado) | Data de aquisição | Origem do registo (biblioteca) (codificado) | Código da organização que empresta ou é detentora (biblioteca) | Código de barras | Cota | Tipo de circulação (não pode ser emprestado) | Tipo de item e material |
|---|---|---|---|---|---|---|---|
| Disponível | 2018-01-03 | Biblioteca EB23 D. Paio Peres Correia | Biblioteca EB23 D. Paio Peres Correia | BEBDPPC8473 | 82-34 BRE | Normal | Monografias |